Caribbean Minefield Quiz Stats

 Plays Quiz Updated Aug 14, 2015

Score 0/20 Timer 05:00
6 Plays Today
% Correct
???
72.5%
???
71.5%
???
71.1%
???
70.7%
???
69.2%
???
64.8%
???
62.6%
???
58.4%
???
57.4%
???
54%
% Correct
???
53.6%
???
52.8%
???
39.3%
???
37.3%
???
37%
???
36.1%
???
26.2%
???
25%
???
20.4%
???
20.2%

You're not logged in!

Compare scores with friends on all Sporcle quizzes.
OR
Log In

Show Comments

Extras

Top Quizzes Today


Score Distribution

Your Account Isn't Verified!

In order to create a playlist on Sporcle, you need to verify the email address you used during registration. Go to your Sporcle Settings to finish the process.

Report this User

Report this user for behavior that violates our Community Guidelines.

Details: